[Event "North Island-ch Staurt Memorial"]
[Site "Auckland"]
[Date "2023.07.13"]
[Round "1"]
[White "Rowe, Abigail"]
[Black "Chang, Yolanda"]
[Result "0-1"]
[WhiteElo "1163"]
[BlackElo "1592"]
[PlyCount "84"]
[EventDate "2023.07.13"]
[EventType "swiss"]
[EventRounds "8"]
[EventCountry "NZL"]
[SourceTitle "EXT 2024"]
[Source "ChessBase"]
[SourceDate "2023.10.10"]
[SourceVersion "1"]
[SourceVersionDate "2023.10.10"]
[SourceQuality "1"]

1. e4 c6 2. d4 d5 3. e5 c5 4. dxc5 e6 5. Be3 Nd7 6. Nf3 Bxc5 7. Bxc5 Nxc5 8. Bb5+ Bd7 9. Bxd7+ Nxd7 10. 0-0 Ne7 11. Nc3 a6 12. Re1 0-0 13. Qd2 Ng6 14. Rad1 Qc7 15. Qe2 Qb6 16. b3 Rac8 17. Na4 Qc7 18. Rd2 b5 19. Nb2 Nc5 20. c4 Ne4 21. Rc2 Nxe5 22. Nxe5 Qxe5 23. Rd1 Qf6 24. Rdc1 b4 25. Na4 a5 26. f3 Nd6 27. c5 Nf5 28. Rd2 Nd4 29. Qd3 e5 30. Nb6 Rxc5 31. Rxc5 Qxb6 32. Rxd5 Nxf3+ 33. Kf1 Qg1+ 34. Ke2 Qxg2+ 35. Kd1 Nxd2 36. Qxd2 Qf1+ 37. Kc2 Qf5+ 38. Kb2 Qf6 39. Kb1 e4 40. Rd4 Re8 41. Qe3 h6 42. Rxe4 Qf5 0-1